Докладная записка о нарушении права женщин националок

Доступно только в Электронных читальных залах Найти на картеНа карте
RUSMARC
00005064nmc2a22003493x 450
001a14102fc-e3f6-4984-8544-a3dff0f0d98d
00520260131054156.0
100##$a20251127l19351937k y0rusy50 ca
1010#$arus
$amul
102##$aRU
105##$aa z |||||
1222#$ad19350529
$ad19370404
2001#$aДокладная записка о нарушении права женщин националок
$j29.05.1935 - 04.04.1937
215##$a259 листов
$cтабл.
$d33,3 х 22,2
251##$cДело
300##$aЗаголовок дела на папке: Докладные записки о нарушении прав женщин националок
300##$aЛисты: 67, 240, 246-255, 258-260 - вырезка из газеты
300##$aВ деле имеются телеграммы
300##$aЧасть текста на языках народов СССР
300##$aЧасть текста машинописная и рукописная, часть - напечатана типографским способом
324##$aВ деле имеются копии отдельных документов
330##$aВходит в раздел описи: Совет Национальностей
461#0$1001796d4672-8a00-4986-b488-6e42273792cc
$12001
$aЦЕНТРАЛЬНЫЙ ИСПОЛНИТЕЛЬНЫЙ КОМИТЕТ СССР (ЦИК СССР).
$1251
$cФонд
$1852
$gР
$j3316
462#0$1001b2b03070-aa26-4135-b154-6f52ec7c8bcd
$12001
$aДела Секретариата Президиума ЦИК Союза ССР за 1935 год
$vД. 809
$1251
$cОпись
$1852
$j28
5171#$aДокладные записки о нарушении прав женщин националок
605##$3DITM\AF\0000002775
$aВласть
$lколлекция
$2acquisition_prlib
6101#$aДокладные записки
$aЖенщины-националки
$aНарушения прав
686##$a67.401.011.12ю1
$cПраво
$2rubbk
686##$a63.3(2)614-332ю1
$cИстория
$2rubbk
801#0$aRU
$bGA_RF
801#1$aRU
$bГлавНИВЦ
$c20251127
$2rusmarc
801#2$aRU
$bПБ им. Б.Н. Ельцина
$c20260131
$gRCR
$2rusmarc
852##$aГА РФ
$j809
937##$d200291544
$hГАРФ
035##$aRuPRLIB51082378
856##$uhttp://readingroom.main.prlib.ru/item.aspx?id_node=n200291544&mode=full
Формат отображения